000 00620nam a22001817a 4500
003 UA-OsUOA
001 17523
007 ta
008 20040313b un ||||| |||| 00| 0 ukr d
100 _aЯрощук М.
942 _cSA
040 _aUA-OsUOA
_cUA-OsUOA
_dUA-OsUOA
245 _aМи розвиваємо регіональну економіку: [Про діяльн Рівнен. торг.-пром. палати розповідає її президент М. Ярощук]
300 _aС.15
955 _a0
773 0 _w0
_tОго
_dРівне
_d2004
_g№30
650 7 _aКраєзнавча робота
_2UDC
999 _c303691
_d303691